000
00335nam a2200121Ia 4500
008
170224s9999 xx 000 0 und d
245
_a
How taking photos increases enjoyment of experiences.
260
_b
Journal of Personality and Social Psychology
260
_c
2016
300
_a
111:2
500
_a
August
650
_x
Psychology.
999
_c
316518
_d
316518